Catálogo público

Modelo dinámico del agua en suelo y planta de tomate : (Record no. 218923)

MARC details
000 -CABECERA
campo de control de longitud fija 02921nam a2200277 a 4500
003 - IDENTIFICADOR DEL NÚMERO DE CONTROL
campo de control OSt
005 - FECHA Y HORA DE LA ÚLTIMA TRANSACCIÓN
campo de control 20251104125942.0
007 - CAMPO FIJO DE DESCRIPCIÓN FÍSICA--INFORMACIÓN GENERAL
campo de control de longitud fija cr ||||||a|c|a
008 - DATOS DE LONGITUD FIJA--INFORMACIÓN GENERAL
campo de control de longitud fija 230606s2019 mx ||||fom||| 001 0 s d
040 ## - FUENTE DE LA CATALOGACIÓN
Normas de descripción rda
100 1# - ENTRADA PRINCIPAL--NOMBRE DE PERSONA
9 (RLIN) 133725
Nombre de persona López Hernández, Gamaliel
245 10 - MENCIÓN DE TÍTULO
Título Modelo dinámico del agua en suelo y planta de tomate :
Resto del título Simulación y análisis /
Mención de responsabilidad, etc. Por Gamaliel López Hernández; director de tesis Irineo Lorenzo López Cruz.
264 #1 - PRODUCCIÓN, PUBLICACIÓN, DISTRIBUCIÓN, FABRICACIÓN Y COPYRIGHT
Producción, publicación, distribución, fabricación y copyright Chapingo, México :
Nombre del de productor, editor, distribuidor, fabricante El autor,
Fecha de producción, publicación, distribución, fabricación o copyright 2019.
300 ## - DESCRIPCIÓN FÍSICA
Extensión 1 recurso en línea (101 páginas):
Otras características físicas Cuadros y figuras.
336 ## - TIPO DE CONTENIDO
Fuente rdacontent
Término de tipo de contenido texto
Código de tipo de contenido txt
337 ## - TIPO DE MEDIO
Fuente rdamedia
Nombre/término del tipo de medio computadora
Código del tipo de medio c
338 ## - TIPO DE SOPORTE
Fuente rdacarrier
Nombre/término del tipo de soporte recurso en línea
Código del tipo de soporte cr
502 ## - NOTA DE TESIS
Tipo de título Maestría en Ingeniería Agrícola y Uso Integral del Agua
Nombre de la institución que otorga el título Departamento de Irrigación y Departamento de Ingeniería Mecánica Agrícola,
Año de obtención del título 2019.
Información miscelánea Maestría
504 ## - NOTA DE BIBLIOGRAFÍA, ETC.
Nota de bibliografía, etc. Incluye referencias bibliográficas: páginas 4-22, 28, 51-54, 75-76.
520 ## - SUMARIO, ETC.
Sumario, etc. Se presenta la propuesta de un modelo dinámico que predice el contenido de agua en el suelo, raíz y dosel de plantas de tomate (Solanum lycopersicum L.), bajo condiciones de invernadero y en suelo de textura franca, el modelo considera tres variables de estado asociadas con el contenido de agua en el suelo (XAGs), contenido de agua en la raíz (XAGr), y contenido de agua en el dosel (XAGd), y dos variables de estado asociadas con la biomasa de la raíz (Br) y la biomasa del dosel (Bd), basados en el modelo general TOMGRO, además se integra un modelo de transpiración propuesto por Jolliet. Como variables de entrada intervienen la temperatura, la radiación solar global, el índice de área foliar, la humedad relativa, y la concentración de CO2, y con un total de 30 parámetros. La simulación se realizó tomando como valores de los parámetros, los reportados en la literatura. Se presenta un análisis de los resultados de la simulación. Se ha realizado un análisis de sensibilidad local basado en el cálculo de derivadas y un análisis de sensibilidad global mediante el método de coeficientes de regresión estandarizados, ambos análisis coinciden en la determinación de los parámetros que tienen mayor sensibilidad en el modelo, siendo estos los relacionados con la disponibilidad del agua en el suelo en el caso de XAGs, XAGr y XAGd. Para Br y Bd, los parámetros más relevantes son la eficiencia de utilización de la luz (Alfa), la temperatura en la hoja a la cual la fotosíntesis es máxima (Phih), la eficiencia de conversión de CH2O a tejido (E) y la densidad de flujo máxima de luz encima del dosel (Im), relacionados con los factores climáticos que intervienen en la tasa fotosintética del cultivo.
650 #4 - PUNTO DE ACCESO ADICIONAL DE MATERIA--TÉRMINO DE MATERIA
9 (RLIN) 110393
Término de materia o nombre geográfico como elemento de entrada Suelos
Subdivisión general Humedad
-- Efecto en plantas
650 #4 - PUNTO DE ACCESO ADICIONAL DE MATERIA--TÉRMINO DE MATERIA
9 (RLIN) 113704
Término de materia o nombre geográfico como elemento de entrada Tomate
Subdivisión general Cultivos en invernadero
700 1# - PUNTO DE ACCESO ADICIONAL--NOMBRE DE PERSONA
9 (RLIN) 67795
Nombre de persona López Cruz, Irineo Lorenzo
Término indicativo de función/relación director.
856 ## - LOCALIZACIÓN Y ACCESO ELECTRÓNICOS
Identificador Uniforme del Recurso http://10.13.5.2/tesis/tm/Lopez_Hernamdez_Gamaliel.pdf
Nota pública DESCARGAR PDF
942 ## - ELEMENTOS DE PUNTO DE ACCESO ADICIONAL (KOHA)
Fuente del sistema de clasificación o colocación Clasificación Universidad Autónoma Chapingo
Tipo de ítem Koha Tesis digital
Holdings
Estado de retiro Estado de pérdida Fuente del sistema de clasificación o colocación Estado dañado Restricciones de uso No para préstamo Código de colección Localización permanente Ubicación/localización actual Ubicación en estantería Fecha de adquisición Total de préstamos Signatura topográfica completa Fecha visto por última vez Precio válido a partir de Tipo de ítem Koha
    Clasificación Universidad Autónoma de Chapingo   Préstamo interno   Tesis digitales de Maestría Biblioteca Digital Biblioteca Digital En línea 06/06/2023   Tesis digital 06/06/2023 06/06/2023 Tesis digital